000 00253nam a22000977a 4500
999 _c11630
_d11630
008 190921b ||||| |||| 00| 0 eng d
020 _a9789388788762
100 _aGoyal
_97333
245 _aScore Well Science- IX
260 _aNew Delhi
_bGoyal Brothers
_c2019